What Is Love? - Haddaway - All Lyrics - Statistics

General Stats
  • This quiz has been taken 97 times
  • The average score is 268 of 301
Answer Stats
Answer % Correct
Baby,
100%
baby,
100%
do?
100%
don't
100%
Don’t
100%
Don't
100%
hurt
100%
I
100%
is
100%
Is
100%
love?
100%
love,
100%
me
100%
me,
100%
Oh,
100%
Oh
100%
Oh-woah
100%
(Ooh,
100%
ooh)
100%
(Ooh-ooh,
100%
ooh-ooh,
100%
ooh-ooh)
100%
uh-huh
100%
(Uh-huh,
100%
uh-huh)
100%
What
100%
what
100%
woah,
100%
Woah-woah
100%
woah-woah
100%
Yeah
100%
Yeah-yeah
100%
more
99%
no
99%
a
96%
know
67%
know,
67%
you
67%
can
57%
it
49%
my
49%
and
48%
care
46%
to
46%
you're
45%
When
43%
not
42%
there
42%
give
41%
Give
41%
but
39%
say?
38%
It's
36%
on
36%
sign
35%
So
35%
why
35%
can't
33%
right
32%
want
32%
we
32%
else
30%
wrong?
30%
This
28%
up
28%
are
26%
go
26%
just
23%
together,
20%
we're
20%
need
19%
one,
19%
time
17%
forever
16%
other,
13%
other
13%
life,
12%
our
10%
lover
7%
No matching quizzes found
Score Distribution
Percent of People with Each Score
Percentile by Number Answered
Your Score History
You have not taken this quiz